Southville International School and Colleges
Your cart is empty.
  • Cart
  • Lists
    Public lists Eva Luna New books Lux_list list_1
    Your lists Log in to create your own lists
  • Log in to your account
  • Your cookies
  • Search history
Southville International School and Colleges
  • Advanced search
  • Recent comments
  • Most popular
  • Libraries

Log in to your account

Log in with GOOGLE


If you do not have an external account, but do have a local account, you can still log in:

  1. Home
  2. MARC view: Up, up, and away /
Normal view MARC view ISBD view

Up, up, and away / (Record no. 10749)

[ view plain ]
MARC details
000 -LEADER
fixed length control field 01123cam a22003373 4500
001 - CONTROL NUMBER
control field 12490963
003 - CONTROL NUMBER IDENTIFIER
control field OSt
005 - DATE AND TIME OF LATEST TRANSACTION
control field 20140310182223.0
008 - FIXED-LENGTH DATA ELEMENTS--GENERAL INFORMATION
fixed length control field 010802s1999 nyu| ||| |000 1|eng
010 ## - LIBRARY OF CONGRESS CONTROL NUMBER
LC control number 2001568441
020 ## - INTERNATIONAL STANDARD BOOK NUMBER
International Standard Book Number 0671028057 (pbk.)
040 ## - CATALOGING SOURCE
Original cataloging agency DLC
Transcribing agency DLC
Modifying agency DLC
050 00 - LIBRARY OF CONGRESS CALL NUMBER
Classification number PZ 7
Item number .H727 1999
082 ## - DEWEY DECIMAL CLASSIFICATION NUMBER
Classification number FIC#
Item number SAB #28
100 1# - MAIN ENTRY--PERSONAL NAME
Personal name Holder, Nancy.
9 (RLIN) 6620
245 10 - TITLE STATEMENT
Title Up, up, and away /
Statement of responsibility, etc Nancy Holder.
260 ## - PUBLICATION, DISTRIBUTION, ETC. (IMPRINT)
Place of publication, distribution, etc New York :
Name of publisher, distributor, etc Pocket Books,
Date of publication, distribution, etc c1999.
300 ## - PHYSICAL DESCRIPTION
Extent 129 p. :
Dimensions 17 cm.
490 1# - SERIES STATEMENT
Series statement Sabrina, the teenage witch ;
Volume number/sequential designation #28
650 ## - SUBJECT ADDED ENTRY--TOPICAL TERM
Topical term or geographic name as entry element Witchcraft
General subdivision Fiction.
9 (RLIN) 17544
650 ## - SUBJECT ADDED ENTRY--TOPICAL TERM
Topical term or geographic name as entry element Witches
General subdivision Fiction.
9 (RLIN) 17545
655 #7 - INDEX TERM--GENRE/FORM
Genre/form data or focus term Young adult fiction.
Source of term lcsh
9 (RLIN) 3735
710 2# - ADDED ENTRY--CORPORATE NAME
Corporate name or jurisdiction name as entry element Copyright Paperback Collection (Library of Congress)
Institution to which field applies DLC
9 (RLIN) 705
830 #0 - SERIES ADDED ENTRY--UNIFORM TITLE
Uniform title Sabrina, the teenage witch (Young adult series) ;
Volume number/sequential designation 28.
9 (RLIN) 17546
856 42 - ELECTRONIC LOCATION AND ACCESS
Materials specified Publisher description
Uniform Resource Identifier <a href="http://www.loc.gov/catdir/description/simon033/2001568441.html">http://www.loc.gov/catdir/description/simon033/2001568441.html</a>
906 ## - LOCAL DATA ELEMENT F, LDF (RLIN)
a 7
b cbc
c orignew
d 2
e ncip
f 20
g y-genrareb
942 ## - ADDED ENTRY ELEMENTS (KOHA)
Source of classification or shelving scheme Library of Congress Classification
Koha item type
Holdings
Withdrawn status Lost status Source of classification or shelving scheme Damaged status Home library Current library Shelving location Date acquired Total Checkouts Full call number Barcode Date last seen Copy number Price effective from Koha item type
    Library of Congress Classification   Luxembourg Library Luxembourg Library Fiction Section 09/10/2013   PZ 7 .H727 1999 14140 09/10/2013 1 09/10/2013 Books
    Library of Congress Classification   Luxembourg Library Luxembourg Library Fiction Section 09/10/2013   PZ 7 .H727 1999 14141 09/10/2013 2 09/10/2013 Books

Up, up, and away /

APA

Holder N., Copyright Paperback Collection (Library of Congress), . (1999). Up, up, and away. New York: Pocket Books.

Chicago

Holder Nancy, Copyright Paperback Collection (Library of Congress), . 1999. Up, up, and away. New York: Pocket Books.

Harvard

Holder N., Copyright Paperback Collection (Library of Congress), . (1999). Up, up, and away. New York: Pocket Books.

MLA

Holder Nancy, Copyright Paperback Collection (Library of Congress), . Up, up, and away. New York: Pocket Books. 1999.

  • Place hold
  • Print
  • Cite
  • Add to your cart (remove)
  • Save record
    BIBTEX Dublin Core MARCXML MARC (non-Unicode/MARC-8) MARC (Unicode/UTF-8) MARC (Unicode/UTF-8, Standard) MODS (XML) RIS
  • More searches
    Search for this title in:
    Other Libraries (WorldCat) Other Databases (Google Scholar) Online Stores (Bookfinder.com) Open Library (openlibrary.org)

Exporting to Dublin Core...

SOUTHVILLE LIBRARY

Southville International School and Colleges Library

1281 Tropical Ave. Cor. Luxembourg St., BF Homes International, Las Pinas City

Tel. No. 8256374 / 252358 Loc. 117/146

Powered by Koha